00741nam a22002537a 4500001001000000003000500010005001700015008004100032010001000073011001000083020001500093035001100108040000900119082002200128110000800150245015900158260002400317300001200341490003300353500003900386650001100425650001800436830003300454000096271CHAP20220817044125.0060914d2005 it rn 00110 eng d a92737 a93709 a9250054351 a104289 cCHAP04a639.2bF46y v.7692 aFAO10aReport of the meeting of the planning group for the coordination of acoustic surveys off northwest Africa :bDkar, Senegal, 22-23 october 2004 /c/by FAO. aRome :bFAO,c2005. a61 p.:. 0aFAO. Informe de pescav; 769 aEd. bilingüe: inglés-francés14aPesca.14aPescaxLeyes.0 aFAO. Informe de pescav; 769